[Event "2nd EUR-ch (w)"]
[Site "Warsaw POL"]
[Date "2001.04.27"]
[Round "6.12"]
[White "Radziewicz, Iweta"]
[Black "Vasylevich, Tatiana"]
[Result "1/2-1/2"]
[WhiteElo "2345"]
[BlackElo "2438"]
[EventDate "2001.04.21"]
[PlyCount "115"]

1.d4 Nf6 2.c4 e6 3.Nc3 Bb4 4.Qc2 d5 5.cxd5 exd5 6.Bg5 h6 7.Bxf6 Qxf6 8.a3 
Bxc3+ 9.Qxc3 c6 10.e3 O-O 11.Ne2 Re8 12.Ng3 Nd7 13.Be2 Nf8 14.O-O Bd7 15.
b4 g6 16.f3 Ne6 17.Rf2 Rad8 18.Bd3 Bc8 19.Rd1 Qg7 20.f4 f5 21.Nf1 Nf8 22.
b5 cxb5 23.Bxb5 Bd7 24.Qb3 Bxb5 25.Qxb5 Qd7 26.Rb2 b6 27.Rc1 Qxb5 28.Rxb5 
Kf7 29.a4 Rd6 30.a5 bxa5 31.Rxa5 Re7 32.Rca1 Rdd7 33.Kf2 Nh7 34.Nd2 Nf6 
35.h3 Ne4+ 36.Nxe4 dxe4 37.g4 fxg4 38.hxg4 Rb7 39.Kg3 Rb3 40.R1a3 Rxa3 41.
Rxa3 g5 42.Ra6 Kg7 43.f5 Kh7 44.d5 Rd7 45.Ra4 Kg8 46.Rxe4 Rxd5 47.Re6 h5 
48.Rg6+ Kf7 49.Rxg5 hxg4 50.Kf4 a5 51.e4 Rb5 52.Rxg4 a4 53.Rg3 Ra5 54.Ra3 
Kf6 55.Ra1 a3 56.Ra2 Ra4 57.Ke3 Ke5 58.Kd3 1/2-1/2

[Event "2nd EUR-ch (w)"]
[Site "Warsaw POL"]
[Date "2001.04.27"]
[Round "6.13"]
[White "Olarasu, Gabriela"]
[Black "Hunt, Harriet"]
[Result "1/2-1/2"]
[WhiteElo "2278"]
[BlackElo "2426"]
[EventDate "2001.04.21"]
[PlyCount "43"]

1.Nf3 Nf6 2.c4 e6 3.Nc3 Bb4 4.Qc2 O-O 5.a3 Bxc3 6.Qxc3 b6 7.b4 Bb7 8.Bb2 
d6 9.g3 c5 10.Bg2 Nbd7 11.O-O Qe7 12.b5 e5 13.d3 Rfd8 14.Rfe1 Nf8 15.a4 a5
16.bxa6 Rxa6 17.a5 bxa5 18.Rxa5 Rxa5 19.Qxa5 Ra8 20.Qc3 Ne6 21.e3 Qc7 22.
Ra1 1/2-1/2

[Event "2nd EUR-ch (w)"]
[Site "Warsaw POL"]
[Date "2001.04.27"]
[Round "6.16"]
[White "Grabuzova, Tatiana"]
[Black "Kiseleva, Natalia"]
[Result "1-0"]
[WhiteElo "2375"]
[BlackElo "2296"]
[EventDate "2001.04.21"]
[PlyCount "99"]

1.b3 e5 2.Bb2 d6 3.c4 Nc6 4.d3 g6 5.Nc3 Bg7 6.g3 Be6 7.Bg2 Qd7 8.e3 Nge7 
9.Nd5 Rb8 10.Ne2 b5 11.O-O O-O 12.Qd2 Rfc8 13.Rfc1 Nd8 14.Nxe7+ Qxe7 15.
cxb5 Rxb5 16.d4 c6 17.dxe5 dxe5 18.Nc3 Rb7 19.Na4 Rd7 20.Qe2 Rdc7 21.Nc5 
Bd5 22.e4 Be6 23.b4 Nb7 24.Nxe6 Qxe6 25.Qc4 Qe7 26.a4 Bf8 27.Bh3 Rd8 28.b5
Nd6 29.Qc5 Nxe4 30.Qxe5 Qxe5 31.Bxe5 Bd6 32.Bxd6 Rxd6 33.Bg2 f5 34.Bxe4 
fxe4 35.Rc4 c5 36.Rac1 a6 37.Rxc5 Rxc5 38.Rxc5 axb5 39.axb5 Rd1+ 40.Kg2 
Rb1 41.g4 Rb3 42.g5 Kf7 43.Re5 Kf8 44.Kf1 Rb2 45.Ke1 Kf7 46.h3 Kf8 47.h4 
Kg7 48.Kd1 Kf7 49.Kc1 Rxf2 50.Rxe4 1-0

[Event "2nd EUR-ch (w)"]
[Site "Warsaw POL"]
[Date "2001.04.27"]
[Round "6.19"]
[White "Galliamova, Alisa"]
[Black "Matnadze, Ana"]
[Result "1-0"]
[WhiteElo "2554"]
[BlackElo "2332"]
[EventDate "2001.04.21"]
[PlyCount "97"]

1.e4 c5 2.Nf3 d6 3.d4 cxd4 4.Nxd4 Nf6 5.Nc3 Nc6 6.f3 e5 7.Nb3 Be6 8.Nd5 
Bxd5 9.exd5 Nb8 10.a4 Be7 11.a5 O-O 12.Be2 Nh5 13.g3 Nd7 14.O-O g6 15.Bh6 
Ng7 16.Qd2 Re8 17.Bd3 Nf6 18.c4 b5 19.cxb5 Nxd5 20.Bxg6 hxg6 21.Bxg7 Kxg7 
22.Qxd5 Rb8 23.Rac1 Qd7 24.b6 axb6 25.a6 Ra8 26.Ra1 Ra7 27.Nd2 Rea8 28.f4 
Qe6 29.Qb5 d5 30.fxe5 Qxe5 31.Kh1 Bf6 32.Ra2 Qd4 33.b4 Be7 34.Rf4 Qe3 35.
Qxd5 Bxb4 36.Rxb4 Qe1+ 37.Kg2 Qe2+ 38.Kg1 Qe1+ 39.Kg2 Qe2+ 40.Kh3 Rh8+ 41.
Rh4 Re8 42.Ne4 Qf1+ 43.Rg2 Qf5+ 44.Qxf5 gxf5 45.Nd6 Re5 46.Ra2 Ra5 47.Rxa5
bxa5 48.Nxf5+ Kg6 49.Kg4 1-0

[Event "2nd EUR-ch (w)"]
[Site "Warsaw POL"]
[Date "2001.04.27"]
[Round "6.20"]
[White "Korbut, Ekaterina"]
[Black "Matveeva, Svetlana"]
[Result "0-1"]
[WhiteElo "2330"]
[BlackElo "2430"]
[EventDate "2001.04.21"]
[PlyCount "60"]

1.e4 e6 2.d4 d5 3.Nc3 Nf6 4.e5 Nfd7 5.f4 c5 6.Nf3 Nc6 7.Be3 cxd4 8.Nxd4 
Bc5 9.Qd2 a6 10.O-O-O O-O 11.Nf3 Be7 12.h4 b5 13.Bd3 Nb4 14.Ng5 h6 15.Nf3 
Nxd3+ 16.Qxd3 b4 17.Nxd5 exd5 18.Ng5 Bxg5 19.hxg5 Nb6 20.Bc5 Be6 21.Bxf8 
Qxf8 22.f5 Qd8 23.f6 Rc8 24.Rxh6 gxh6 25.gxh6 Rc4 26.Qe3 Bf5 27.Qg5+ Bg6 
28.c3 Kh7 29.Re1 Qc8 30.e6 Rxc3+ 0-1

[Event "2nd EUR-ch (w)"]
[Site "Warsaw POL"]
[Date "2001.04.27"]
[Round "6.21"]
[White "Stepovaya-Dianchenko, Tatiana"]
[Black "Medic, Mirjana"]
[Result "1-0"]
[WhiteElo "2440"]
[BlackElo "2274"]
[EventDate "2001.04.21"]
[PlyCount "69"]

1.e4 e6 2.d3 d5 3.Qe2 Ne7 4.g3 c5 5.f4 Nbc6 6.Nf3 g6 7.Bg2 Bg7 8.O-O O-O 
9.c3 b5 10.e5 b4 11.c4 Nf5 12.Nbd2 Nfd4 13.Nxd4 Nxd4 14.Qf2 Bb7 15.cxd5 
exd5 16.Nf3 Nxf3+ 17.Bxf3 Qe7 18.d4 c4 19.Bd2 a5 20.a3 Rfd8 21.Qe1 Bf8 22.
f5 gxf5 23.Bh5 Bc8 24.axb4 f6 25.Bf4 fxe5 26.Bxe5 Qxb4 27.Qe3 Qe7 28.g4 
Ra6 29.gxf5 Bh6 30.Qg3+ Qg5 31.Ra3 Kf8 32.Qxg5 Bxg5 33.f6 Bh6 34.Rg3 Bd7 
35.Rg7 1-0

[Event "2nd EUR-ch (w)"]
[Site "Warsaw POL"]
[Date "2001.04.27"]
[Round "6.23"]
[White "Peng Zhaoqin"]
[Black "Reizniece, Dana"]
[Result "0-1"]
[WhiteElo "2391"]
[BlackElo "2301"]
[EventDate "2001.04.21"]
[PlyCount "74"]

1.d4 Nf6 2.c4 c5 3.d5 b5 4.cxb5 a6 5.bxa6 g6 6.Nc3 Bxa6 7.e4 Bxf1 8.Kxf1 
d6 9.g3 Bg7 10.Kg2 Nbd7 11.Nge2 O-O 12.Qc2 Ra6 13.b3 e6 14.dxe6 fxe6 15.
Bf4 d5 16.Rad1 d4 17.Na4 Qa8 18.f3 Rc8 19.Bg5 Ne5 20.Nc1 d3 21.Nxd3 Nxf3 
22.Bxf6 Qxe4 23.Nc3 Ne1+ 24.Kg1 Qxh1+ 25.Kxh1 Nxc2 26.Bxg7 Kxg7 27.Ne5 Nd4
28.Kg2 Kf6 29.Nc4 Ke7 30.Rd2 e5 31.Nxe5 Re6 32.Nc4 Kf8 33.Nb2 Re3 34.Nbd1 
Re1 35.Kf2 Rce8 36.Nb2 Rh1 37.Kg2 Rxh2+ 0-1

[Event "2nd EUR-ch (w)"]
[Site "Warsaw POL"]
[Date "2001.04.27"]
[Round "6.26"]
[White "Popova, Natalia"]
[Black "Klinova, Masha"]
[Result "1/2-1/2"]
[WhiteElo "2308"]
[BlackElo "2368"]
[EventDate "2001.04.21"]
[PlyCount "62"]

1.e4 c6 2.d4 d5 3.exd5 cxd5 4.c4 Nf6 5.Nc3 Nc6 6.Bg5 e6 7.Nf3 Be7 8.Bd3 
dxc4 9.Bxc4 O-O 10.O-O a6 11.Rc1 b5 12.Bd3 Bb7 13.Bb1 Nb4 14.Ne5 Rc8 15.
Re1 Nbd5 16.Qd3 g6 17.Qh3 Nxc3 18.bxc3 Bd5 19.Bh6 Re8 20.Re3 Nd7 21.Rce1 
Nxe5 22.Rxe5 f5 23.Bd2 Bf6 24.R5e2 Qd7 25.Qg3 Qc7 26.Qe3 Qc6 27.Qg3 Qc7 
28.Qe3 Bc4 29.Bd3 Bxa2 30.Ra1 Bc4 31.Rxa6 b4 1/2-1/2

[Event "2nd EUR-ch (w)"]
[Site "Warsaw POL"]
[Date "2001.04.27"]
[Round "6.29"]
[White "Tsoganova, Monika"]
[Black "Ionescu-Brandis, Irina"]
[Result "0-1"]
[WhiteElo "2239"]
[BlackElo "2339"]
[EventDate "2001.04.21"]
[PlyCount "94"]

1.d4 d5 2.Nf3 Nf6 3.c4 c6 4.e3 Bf5 5.Nc3 e6 6.Bd3 Bg6 7.Ne5 Nbd7 8.O-O 
Nxe5 9.dxe5 Nd7 10.cxd5 cxd5 11.f4 Bc5 12.f5 exf5 13.Bxf5 Nxe5 14.Qa4+ Nc6
15.Qb5 Qb6 16.Bxg6 hxg6 17.Nxd5 Qxb5 18.Nc7+ Ke7 19.Nxb5 Rad8 20.Kh1 Rh5 
21.e4 Ne5 22.Nc3 Ke6 23.Nd5 g5 24.Be3 Bxe3 25.Nxe3 Rdh8 26.h3 g4 27.Nf5 
Rg5 28.Rad1 Nc4 29.h4 g3 30.Kg1 Rg4 31.b3 g6 32.bxc4 gxf5 33.exf5+ Kf6 34.
Rd6+ Kg7 35.Rf3 Rhxh4 36.Rd7 Kf6 37.Rxb7 Rxc4 38.Rxg3 Rc1+ 39.Kf2 Rc2+ 40.
Kg1 Rxa2 41.Rc3 Rg4 42.Rcc7 Rgxg2+ 43.Kf1 Rgf2+ 44.Ke1 Rh2 45.Rxf7+ Ke5 
46.Rfe7+ Kf4 47.Rb4+ Kg5 0-1

[Event "2nd EUR-ch (w)"]
[Site "Warsaw POL"]
[Date "2001.04.27"]
[Round "6.30"]
[White "Ciuksyte, Dagne"]
[Black "Petrenko, Svetlana"]
[Result "1-0"]
[WhiteElo "2217"]
[BlackElo "2336"]
[EventDate "2001.04.21"]
[PlyCount "109"]

1.e4 c5 2.Nf3 d6 3.d4 cxd4 4.Nxd4 Nf6 5.Nc3 a6 6.h3 e6 7.g4 d5 8.Bg2 Bb4 
9.Ne2 Nxe4 10.Bxe4 dxe4 11.Qxd8+ Kxd8 12.Bd2 Nc6 13.O-O-O Kc7 14.a3 Be7 
15.Bf4+ e5 16.Nd5+ Kb8 17.Nxe7 exf4 18.Nxc8 Rxc8 19.Nxf4 Ka7 20.Rhe1 Re8 
21.Nh5 Re5 22.Nxg7 Rg8 23.Nf5 h5 24.Rd7 hxg4 25.hxg4 Rxg4 26.Nd6 f5 27.
Rxb7+ Ka8 28.Rh1 Rg8 29.Rc7 Nd4 30.Rhh7 Nb5 31.Nxb5 axb5 32.Rcf7 Rd5 33.b3
Rc5 34.b4 Rc3 35.Ra7+ Kb8 36.Rhb7+ Kc8 37.Rf7 Kb8 38.Rab7+ Ka8 39.Kb2 Rf3 
40.Rxb5 f4 41.Rbf5 Rxf2 42.Rxf4 Rxf4 43.Rxf4 Re8 44.Kc3 Kb7 45.Kd2 Kc6 46.
c4 Ra8 47.Rxe4 Rxa3 48.Re6+ Kd7 49.Re3 Ra1 50.Kc3 Rb1 51.Rh3 Kd6 52.Rh6+ 
Kc7 53.b5 Rg1 54.Kb4 Rg4 55.b6+ 1-0

[Event "2nd EUR-ch (w)"]
[Site "Warsaw POL"]
[Date "2001.04.27"]
[Round "6.31"]
[White "Slavina, Irina"]
[Black "Cosma, Elena-Luminita"]
[Result "0-1"]
[WhiteElo "2332"]
[BlackElo "2331"]
[EventDate "2001.04.21"]
[PlyCount "98"]

1.d4 d5 2.c4 e6 3.Nf3 c6 4.Nc3 dxc4 5.a4 Bb4 6.e4 b5 7.Be2 Bb7 8.O-O a6 9.
e5 Ne7 10.Ne4 Nd5 11.Bd2 Bf8 12.Qb1 h6 13.Ng3 Nd7 14.Rd1 Qb6 15.Nh5 g6 16.
Ng3 c5 17.Be3 Nxe3 18.fxe3 cxd4 19.exd4 Bg7 20.Kh1 O-O 21.Ne4 Bd5 22.h4 
Qc6 23.Nfd2 f5 24.exf6 Nxf6 25.axb5 axb5 26.Rxa8 Qxa8 27.Nxf6+ Rxf6 28.Bf3
Rf4 29.Qxg6 Rxh4+ 30.Kg1 Rxd4 31.Bg4 Qa7 32.Bxe6+ Bxe6 33.Qxe6+ Kh8 34.Qe3
Rd7 35.Qxa7 Rxa7 36.Ne4 Bxb2 37.Rb1 Ra1 38.Rxa1 Bxa1 39.Kf2 Be5 40.Ke3 Kg7
41.Nd2 Kf6 42.Ke4 Ke6 43.g4 Bf6 44.Nf1 Kd6 45.Ne3 Kc5 46.Nf5 b4 47.Ke3 b3 
48.Kd2 c3+ 49.Kd3 c2 0-1

[Event "2nd EUR-ch (w)"]
[Site "Warsaw POL"]
[Date "2001.04.27"]
[Round "6.32"]
[White "Dimitrijevic, Aleksandra"]
[Black "Sikorova, Olga"]
[Result "0-1"]
[WhiteElo "2152"]
[BlackElo "2236"]
[EventDate "2001.04.21"]
[PlyCount "111"]

1.e4 d5 2.exd5 Nf6 3.Bb5+ Bd7 4.Be2 Nxd5 5.d4 Nb6 6.c4 e5 7.dxe5 Nc6 8.Nf3
Qe7 9.O-O Nxe5 10.Nc3 O-O-O 11.Bf4 Bc6 12.Nd4 g5 13.Bxe5 Qxe5 14.Bg4+ Bd7 
15.Re1 Qc5 16.Ncb5 Bg7 17.b4 Qxb4 18.c5 Bxd4 19.Nxd4 Qxc5 20.Rc1 Qd6 21.a4
h5 22.Bxh5 Bxa4 23.Qg4+ Kb8 24.Nf5 Qf6 25.Ng3 Bc6 26.Qb4 Rd6 27.Qc5 Qf4 
28.Bf3 g4 29.Nh5 Qd4 30.Qxd4 Rxd4 31.Bxc6 bxc6 32.Nf6 Rf4 33.Rxc6 Rd8 34.
g3 Rb4 35.Re7 Rd6 36.Rxd6 cxd6 37.Rxf7 a5 38.Nd7+ Nxd7 39.Rxd7 Rd4 40.Re7 
a4 41.Re3 Kc7 42.f4 d5 43.f5 Re4 44.Rd3 Kd6 45.f6 Re1+ 46.Kg2 Rb1 47.h4 
Rb3 48.f7 Ke7 49.Rxd5 Rb2+ 50.Kf1 a3 51.Ra5 a2 52.f8=Q+ Kxf8 53.Ra8+ Ke7 
54.Ra7+ Kd6 55.Ra6+ Kc5 56.Ra5+ 0-1

[Event "2nd EUR-ch (w)"]
[Site "Warsaw POL"]
[Date "2001.04.27"]
[Round "6.34"]
[White "Tereladze, Sopiko"]
[Black "Manakova, Maria"]
[Result "1-0"]
[WhiteElo "2267"]
[BlackElo "2395"]
[EventDate "2001.04.21"]
[PlyCount "161"]

1.d4 e6 2.c4 f5 3.Nc3 Nf6 4.Bg5 Bb4 5.Nf3 O-O 6.Qb3 Bxc3+ 7.Qxc3 b6 8.g3 
Bb7 9.Bg2 d6 10.O-O Nbd7 11.Rae1 Qe8 12.Nd2 Bxg2 13.Kxg2 Qh5 14.Bxf6 Nxf6 
15.e4 f4 16.Qf3 Qh6 17.Qxf4 Qxf4 18.gxf4 Nh5 19.f5 exf5 20.e5 Nf4+ 21.Kf3 
dxe5 22.Rxe5 Ng6 23.Re6 f4 24.Rfe1 Rad8 25.d5 a5 26.a4 Rd7 27.Kg4 Rdf7 28.
Nf3 Rf5 29.h4 Nh8 30.Nd4 h5+ 31.Kf3 R5f7 32.Nb5 Kh7 33.Rg1 Rd7 34.Rg5 g6 
35.Ke4 Rg7 36.Rc6 Rff7 37.Nd4 Re7+ 38.Re5 Rd7 39.Ne6 Rg8 40.Rxc7 Rxc7 41.
Nxc7 Nf7 42.Re7 Rg7 43.Kxf4 Nd6 44.Rxg7+ Kxg7 45.b3 Kf6 46.Na8 Nc8 47.f3 
g5+ 48.hxg5+ Kg6 49.Nc7 Nd6 50.Nb5 Nf7 51.Kg3 Kxg5 52.f4+ Kf5 53.Kf3 Kf6 
54.Nd4 Nd6 55.Kg3 Ne4+ 56.Kh4 Kg6 57.Kh3 Kf6 58.Kg2 Nd2 59.Kg3 Ne4+ 60.Kf3
Nd6 61.Ne2 Kf5 62.Ng3+ Kg6 63.f5+ Kh6 64.Kf4 Nf7 65.Ne4 Kg7 66.Ng5 Nd6 67.
Ke5 Nb7 68.d6 h4 69.d7 Kh6 70.Kf4 Kg7 71.Ke5 Kh6 72.Kf4 Kg7 73.Ne6+ Kf6 
74.d8=Q+ Nxd8 75.Nxd8 h3 76.Kg3 Kxf5 77.Nf7 Ke6 78.Ng5+ Kf5 79.Nxh3 Ke4 
80.Nf4 Kd4 81.Nd5 1-0

[Event "2nd EUR-ch (w)"]
[Site "Warsaw POL"]
[Date "2001.04.27"]
[Round "6.35"]
[White "Zielinska, Marta"]
[Black "Dzagnidze, Nana"]
[Result "1/2-1/2"]
[WhiteElo "2377"]
[BlackElo "2241"]
[EventDate "2001.04.21"]
[PlyCount "104"]

1.d4 d5 2.c4 c6 3.Nc3 Nf6 4.e3 a6 5.Qc2 Bg4 6.b3 Nbd7 7.Nge2 e5 8.Bb2 e4 
9.c5 Be7 10.Na4 O-O 11.Bc3 Ne8 12.Qd2 Qb8 13.h3 Bxe2 14.Bxe2 f5 15.g3 g5 
16.Ba5 Ng7 17.O-O-O f4 18.gxf4 gxf4 19.Bg4 Nf6 20.Rdg1 f3 21.h4 Kh8 22.Qe1
Bd8 23.Bh3 Bxa5 24.Qxa5 Qd8 25.Nb6 Qc7 26.Nc4 Qxa5 27.Nxa5 Rf7 28.Kb2 Re8 
29.Rg5 Ne6 30.Re5 Nd8 31.Rxe8+ Nxe8 32.Rg1 h6 33.b4 Kh7 34.a4 Ng7 35.Kc3 
Nf5 36.Rg4 Ne7 37.Kd2 Rg7 38.Ke1 Rxg4 39.Bxg4 Kg6 40.Kf1 Nf5 41.Kg1 h5 42.
Bh3 Kf6 43.Kh2 Kg6 44.Bf1 Ne7 45.b5 axb5 46.axb5 Kf6 47.b6 Ke6 48.Nxb7 
Nxb7 49.Ba6 Na5 50.b7 Nxb7 51.Bxb7 Kf5 52.Kg3 Ke6 1/2-1/2

[Event "2nd EUR-ch (w)"]
[Site "Warsaw POL"]
[Date "2001.04.27"]
[Round "6.37"]
[White "Demina, Yulia"]
[Black "Grosar, Kiti"]
[Result "1-0"]
[WhiteElo "2350"]
[BlackElo "2244"]
[EventDate "2001.04.21"]
[PlyCount "107"]

1.d4 Nf6 2.c4 g6 3.Nf3 Bg7 4.g3 O-O 5.Bg2 d6 6.O-O Nc6 7.Nc3 a6 8.b3 Bf5 
9.Bb2 Qd7 10.Re1 Ne4 11.Nxe4 Bxe4 12.Qd2 d5 13.Ne5 Nxe5 14.dxe5 Bxg2 15.
Kxg2 Rad8 16.Rad1 d4 17.e3 Bxe5 18.exd4 Bxd4 19.Bxd4 c5 20.Qe2 Qc6+ 21.Qf3
Qxf3+ 22.Kxf3 cxd4 23.Rxe7 b5 24.cxb5 axb5 25.Re5 Ra8 26.Rxd4 Rxa2 27.Rxb5
Rc8 28.Rf4 Rb2 29.Kg2 Rc7 30.g4 h6 31.h4 Kg7 32.b4 Rd7 33.g5 hxg5 34.hxg5 
Re7 35.Kg3 Rb3+ 36.Rf3 Rb1 37.Re3 Rc7 38.Re4 Rd7 39.f3 Rb3 40.Rf4 Rb1 41.
Kf2 Rb2+ 42.Ke3 Rbd2 43.Rc4 R2d3+ 44.Ke4 Rd1 45.Rb8 R1d5 46.Rc5 R5d6 47.
Rcc8 f5+ 48.gxf6+ Kxf6 49.Rf8+ Kg7 50.b5 Rd3 51.Kf4 Rb3 52.Rfc8 Rf7+ 53.
Kg4 Rbxf3 54.Rg8+ 1-0

[Event "2nd EUR-ch (w)"]
[Site "Warsaw POL"]
[Date "2001.04.27"]
[Round "6.38"]
[White "Khukhashvili, Sopiko"]
[Black "Moshina, Cristina"]
[Result "1/2-1/2"]
[WhiteElo "2326"]
[BlackElo "2235"]
[EventDate "2001.04.21"]
[PlyCount "131"]

1.e4 c5 2.b3 Nc6 3.Bb2 e5 4.Bc4 d6 5.Ne2 Nf6 6.Nbc3 Be6 7.O-O g6 8.f4 Bxc4
9.bxc4 exf4 10.Nd5 Ne5 11.Nxf6+ Qxf6 12.Nxf4 Qd8 13.Rb1 b6 14.d3 Bg7 15.
Qe1 O-O 16.Nd5 Rb8 17.Bc1 Rb7 18.Qg3 f6 19.Bd2 Qe8 20.Rb3 Rbf7 21.Qh4 Kh8 
22.h3 f5 23.exf5 Rxf5 24.Rxf5 Rxf5 25.Rb1 Nc6 26.Re1 Qf7 27.c3 Ne5 28.Qg3 
Qd7 29.Kh1 Rf8 30.Bf4 Qf5 31.Re4 g5 32.Bxg5 Qf1+ 33.Kh2 Qxd3 34.Qxd3 Nxd3 
35.Re7 h6 36.Be3 Ne5 37.Nf4 Rf7 38.Rxf7 Nxf7 39.Ng6+ Kh7 40.Ne7 Ne5 41.Bf4
Nxc4 42.Nd5 b5 43.Kg3 a5 44.Kf3 b4 45.cxb4 cxb4 46.Ke4 Kg6 47.g4 Kf7 48.
Kf5 Ne5 49.Nb6 Nd3 50.Bxd6 Bd4 51.Nc4 Nc1 52.Nxa5 Nxa2 53.h4 Bb6 54.Nb3 
Bd8 55.h5 Bg5 56.Bc5 Bf6 57.Bf8 Bg5 58.Bd6 Bf6 59.Bf4 Bg7 60.g5 hxg5 61.
Bxg5 Bh8 62.h6 Nc3 63.Bf4 Nd5 64.Bd6 Ne7+ 65.Ke4 Ng8 66.Bxb4 1/2-1/2

[Event "2nd EUR-ch (w)"]
[Site "Warsaw POL"]
[Date "2001.04.27"]
[Round "6.39"]
[White "Velcheva, Maria"]
[Black "Lopatskaya, Elena"]
[Result "1-0"]
[WhiteElo "2244"]
[BlackElo "2323"]
[EventDate "2001.04.21"]
[PlyCount "73"]

1.e4 d6 2.d4 Nf6 3.Nc3 g6 4.Bf4 c6 5.Qd2 b5 6.a3 Nbd7 7.Nf3 Bg7 8.Bh6 O-O 
9.Bxg7 Kxg7 10.h4 h5 11.Be2 e5 12.dxe5 dxe5 13.Qd6 Qb6 14.O-O Re8 15.Rad1 
Bb7 16.Ng5 Rad8 17.Qd3 Bc8 18.Qg3 Qc5 19.Kh1 Nb6 20.Rxd8 Rxd8 21.f4 Re8 
22.f5 Qe7 23.Nd1 Nbd7 24.b4 Nf8 25.c4 a6 26.c5 Rd8 27.Nc3 a5 28.Kg1 axb4 
29.axb4 Rd4 30.Na2 Qa7 31.Qxe5 Qxa2 32.Qxd4 Qxe2 33.fxg6 Nd7 34.gxf7 Qc4 
35.Qd6 Qc3 36.f8=Q+ Nxf8 37.Qe7+ 1-0

[Event "2nd EUR-ch (w)"]
[Site "Warsaw POL"]
[Date "2001.04.27"]
[Round "6.40"]
[White "Umanskaya, Irina"]
[Black "Benderac, Ana"]
[Result "1/2-1/2"]
[WhiteElo "2313"]
[BlackElo "2230"]
[EventDate "2001.04.21"]
[PlyCount "46"]

1.d4 Nf6 2.c4 e6 3.Nf3 b6 4.g3 Bb4+ 5.Nbd2 Bb7 6.a3 Be7 7.Bg2 O-O 8.O-O c5
9.b3 Qc7 10.Bb2 Nc6 11.e4 cxd4 12.Nxd4 Nxd4 13.Bxd4 d5 14.cxd5 exd5 15.e5 
Ne4 16.Rc1 Qd7 17.Nb1 Nc5 18.b4 Ne6 19.Re1 Rac8 20.Bb2 Rxc1 21.Bxc1 d4 22.
Bxb7 Qxb7 23.Bd2 Rd8 1/2-1/2

[Event "2nd EUR-ch (w)"]
[Site "Warsaw POL"]
[Date "2001.04.27"]
[Round "6.42"]
[White "Calzetta Ruiz, Monica"]
[Black "Partac, Elena"]
[Result "1-0"]
[WhiteElo "2310"]
[BlackElo "2216"]
[EventDate "2001.04.21"]
[PlyCount "67"]

1.e4 c5 2.Nf3 e6 3.d4 cxd4 4.Nxd4 Nf6 5.Nc3 Nc6 6.Ndb5 Bb4 7.a3 Bxc3+ 8.
Nxc3 d5 9.Bd3 O-O 10.O-O Ne5 11.Bg5 d4 12.Ne2 h6 13.Bh4 g5 14.Bg3 Nc6 15.
b4 a6 16.e5 Ng4 17.Re1 Ngxe5 18.Nxd4 Nxd3 19.Nxc6 bxc6 20.cxd3 a5 21.Qh5 
Kg7 22.h4 f6 23.Rac1 axb4 24.axb4 Ra6 25.b5 cxb5 26.Rc7+ Bd7 27.Rec1 Rf7 
28.R1c5 e5 29.d4 Be8 30.Rc8 Qxd4 31.hxg5 hxg5 32.Rxe8 Qxc5 33.Rh8 f5 34.
Rh7+ 1-0

[Event "2nd EUR-ch (w)"]
[Site "Warsaw POL"]
[Date "2001.04.27"]
[Round "6.43"]
[White "Johansson, Victoria"]
[Black "Javakhishvili, Lela"]
[Result "1/2-1/2"]
[WhiteElo "2149"]
[BlackElo "2305"]
[EventDate "2001.04.21"]
[PlyCount "190"]

1.d4 Nf6 2.c4 e6 3.Nc3 Bb4 4.e3 c5 5.Bd3 Nc6 6.Nf3 d6 7.Qc2 e5 8.dxe5 dxe5
9.Nd2 Ba5 10.a3 Be6 11.O-O Bc7 12.b3 Qe7 13.Bb2 Rd8 14.Nde4 Ng4 15.h3 Nh6 
16.Nd5 Bxd5 17.cxd5 Rxd5 18.Bc4 Rd8 19.Nxc5 Bd6 20.Ne4 O-O 21.Nxd6 Rxd6 
22.Rad1 Rg6 23.Bd5 Kh8 24.b4 a6 25.Qc5 Qxc5 26.bxc5 Ng8 27.Bxc6 Rxc6 28.
Bxe5 Rfc8 29.Bd4 Nf6 30.Rb1 R8c7 31.Rb2 Re7 32.Rfb1 Rcc7 33.c6 b5 34.a4 
Rxc6 35.axb5 axb5 36.Rxb5 h6 37.Rb7 Rxb7 38.Rxb7 Kg8 39.Bxf6 Rxf6 40.g4 g6
41.Rb5 Kg7 42.Kg2 Re6 43.Kg3 Ra6 44.h4 Ra4 45.Rd5 Rb4 46.h5 g5 47.Rd3 Ra4 
48.f4 gxf4+ 49.exf4 Ra5 50.Kf3 Ra4 51.Rd5 Rb4 52.Ke3 Ra4 53.Rd4 Ra6 54.Ke4
Kf6 55.Rc4 Re6+ 56.Kd5 Re1 57.Rc6+ Kg7 58.f5 Rf1 59.Ke5 f6+ 60.Kd6 Rd1+ 
61.Ke7 Re1+ 62.Re6 Ra1 63.Rd6 Re1+ 64.Re6 Ra1 65.Re4 Ra7+ 66.Kd6 Ra6+ 67.
Kc5 Kf7 68.Rc4 Ra1 69.Kd6 Rd1+ 70.Kc5 Ra1 71.Kd5 Rd1+ 72.Ke4 Rd7 73.Rb4 
Kg7 74.Rd4 Ra7 75.Kd5 Ra1 76.Ke6 Re1+ 77.Kd7 Kf7 78.Kd8 Re8+ 79.Kc7 Re1 
80.Rd7+ Kg8 81.Rd8+ Kf7 82.Rd7+ Kg8 83.Kd6 Re4 84.Re7 Rxg4 85.Ke6 Rg5 86.
Kxf6 Rxh5 87.Rg7+ Kh8 88.Rg1 Rh2 89.Kg6 Kg8 90.Rb1 Rg2+ 91.Kxh6 Kf7 92.Rb6
Rf2 93.Kg5 Rg2+ 94.Kf4 Rf2+ 95.Ke4 Rf1 1/2-1/2

[Event "2nd EUR-ch (w)"]
[Site "Warsaw POL"]
[Date "2001.04.27"]
[Round "6.44"]
[White "Schuurman, Petra"]
[Black "Zakurdyaeva, Irina"]
[Result "0-1"]
[WhiteElo "2193"]
[BlackElo "2282"]
[EventDate "2001.04.21"]
[PlyCount "146"]

1.c4 e5 2.Nc3 Nc6 3.Nf3 Nf6 4.d4 exd4 5.Nxd4 Bb4 6.Bg5 h6 7.Bh4 Bxc3+ 8.
bxc3 Ne5 9.f4 Ng6 10.Bxf6 Qxf6 11.g3 O-O 12.Bg2 c5 13.Nb3 Qxc3+ 14.Qd2 
Qxd2+ 15.Nxd2 Rb8 16.Kf2 Ne7 17.Rhd1 b6 18.Ne4 Rd8 19.Nd6 Ba6 20.Bd5 Nxd5 
21.Rxd5 Bb7 22.Rd2 Bc6 23.Rc1 Kf8 24.Rc3 g6 25.Ra3 Ra8 26.Re3 a6 27.Rc3 
Rdb8 28.e4 f6 29.Rb2 Ke7 30.Rd2 Kd8 31.e5 f5 32.e6 dxe6 33.Nxf5+ Kc7 34.
Ng7 Bd7 35.Re3 Rd8 36.Re5 Kb7 37.Ke3 Ba4 38.Nxe6 Rxd2 39.Kxd2 Kc6 40.Ng7 
Rd8+ 41.Kc3 Bd1 42.f5 gxf5 43.Nxf5 h5 44.Re6+ Kc7 45.Re5 Bg4 46.Ne3 Rf8 
47.Nd5+ Kd6 48.Rg5 Rf3+ 49.Kd2 Rf2+ 50.Ke3 Rxh2 51.Rg6+ Ke5 52.Rg5+ Ke6 
53.Rg6+ Kf7 54.Rxb6 Rxa2 55.Kf4 Ra4 56.Rf6+ Kg7 57.Kg5 Rxc4 58.Rxa6 Kf7 
59.Nf4 Rc3 60.Rc6 c4 61.Nxh5 Bf3 62.Rc5 Ke6 63.g4 Kd6 64.Rf5 Be4 65.Rf4 
Re3 66.Rf6+ Ke5 67.Rf8 c3 68.Rc8 c2 69.Nf6 Bd3 70.Nd7+ Kd6 71.Kf4 Re1 72.
Nf8 c1=Q+ 73.Rxc1 Rxc1 0-1

[Event "2nd EUR-ch (w)"]
[Site "Warsaw POL"]
[Date "2001.04.27"]
[Round "6.45"]
[White "Fomina, Tatjana"]
[Black "Grabarska, Barbara"]
[Result "0-1"]
[WhiteElo "2278"]
[BlackElo "2213"]
[EventDate "2001.04.21"]
[PlyCount "74"]

1.d4 Nf6 2.Nc3 d5 3.Bg5 Nbd7 4.Qd2 e6 5.f3 c5 6.e3 Be7 7.Nge2 O-O 8.g4 Nb6
9.Ng3 Bd7 10.h4 cxd4 11.exd4 Qc7 12.Bf4 Bd6 13.Bxd6 Qxd6 14.Rg1 Qb4 15.g5 
Ne8 16.a3 Qe7 17.Qf4 Nd6 18.Nh5 Kh8 19.Bd3 Nbc4 20.b3 e5 21.dxe5 Qxe5+ 22.
Qxe5 Nxe5 23.Be2 Nf5 24.Nxd5 Nd4 25.Kf2 Bc6 26.Nhf4 Nxc2 27.Ra2 Nd4 28.b4 
Rad8 29.Rd2 Ne6 30.Rgd1 Ba4 31.Ke3 Bxd1 32.Rxd1 Nxf4 33.Nxf4 Ng6 34.Nd3 
Nxh4 35.Rh1 Rfe8+ 36.Kf2 Nf5 37.Nc5 Rxe2+ 0-1

[Event "2nd EUR-ch (w)"]
[Site "Warsaw POL"]
[Date "2001.04.27"]
[Round "6.48"]
[White "Alexandrova, Olga"]
[Black "Agrest, Svetlana"]
[Result "1-0"]
[WhiteElo "2419"]
[BlackElo "2215"]
[EventDate "2001.04.21"]
[PlyCount "59"]

1.d4 f5 2.g3 Nf6 3.Bg2 g6 4.Nf3 Bg7 5.O-O O-O 6.b4 Nc6 7.a3 Ne4 8.Bb2 d6 
9.Nbd2 e5 10.d5 Nxd2 11.Qxd2 Ne7 12.c4 f4 13.Ng5 fxg3 14.fxg3 Bh6 15.Rxf8+
Qxf8 16.e4 Bd7 17.Rf1 Qg7 18.Bc1 Rf8 19.Qe2 Nc8 20.Be3 Rxf1+ 21.Qxf1 Qe7 
22.Qc1 Nb6 23.Bf1 Nc8 24.Be2 c5 25.dxc6 bxc6 26.a4 c5 27.b5 Qf6 28.a5 Qd8 
29.Qd2 Bf8 30.Qd5+ 1-0

[Event "2nd EUR-ch (w)"]
[Site "Warsaw POL"]
[Date "2001.04.27"]
[Round "6.49"]
[White "Grabics, Monika"]
[Black "Blimke, Dalia"]
[Result "0-1"]
[WhiteElo "2354"]
[BlackElo "2209"]
[EventDate "2001.04.21"]
[PlyCount "66"]

1.e4 c5 2.Nf3 e6 3.d4 cxd4 4.Nxd4 Nc6 5.Nb5 d6 6.Bf4 e5 7.Be3 a6 8.N5c3 
Nf6 9.Bc4 b5 10.Bb3 Rb8 11.Nd2 Na5 12.a4 Nxb3 13.Nxb3 Be7 14.axb5 axb5 15.
Na5 Bd7 16.Bg5 O-O 17.Bxf6 gxf6 18.Nd5 f5 19.exf5 Kh8 20.O-O Bg5 21.Qh5 f6
22.h4 Be8 23.Qg4 Bh6 24.Rfd1 Qd7 25.Qf3 e4 26.Qxe4 Bh5 27.Re1 Rbd8 28.Qd3 
Rfe8 29.Nb3 Bg4 30.f3 Bxf5 31.Qd4 Re6 32.Ne3 Rde8 33.Qd5 Bg6 0-1

[Event "2nd EUR-ch (w)"]
[Site "Warsaw POL"]
[Date "2001.04.27"]
[Round "6.51"]
[White "Kadziolka, Beata"]
[Black "Mashinskaya, Yulia"]
[Result "0-1"]
[WhiteElo "2164"]
[BlackElo "2318"]
[EventDate "2001.04.21"]
[PlyCount "134"]

1.e4 c5 2.Nf3 Nc6 3.d4 cxd4 4.Nxd4 Qc7 5.Nc3 e6 6.Be2 a6 7.O-O Nf6 8.Be3 
Bb4 9.Na4 Be7 10.Nxc6 bxc6 11.Nb6 Rb8 12.Nxc8 Qxc8 13.e5 Nd5 14.Bc1 Bc5 
15.c4 Ne7 16.b3 Qc7 17.Bb2 d6 18.exd6 Bxd6 19.g3 Be5 20.Bxe5 Qxe5 21.Bf3 
c5 22.Re1 Qc7 23.Be4 O-O 24.Qe2 Rfd8 25.Rad1 g6 26.Qe3 Kg7 27.Qc3+ f6 28.
f4 Kf7 29.Qe3 Rd6 30.Rd3 Rbd8 31.Red1 Rxd3 32.Rxd3 Rxd3 33.Qxd3 Qa5 34.a4 
Qe1+ 35.Kg2 a5 36.g4 Qc1 37.Kg3 Qg1+ 38.Bg2 Qe1+ 39.Kf3 Ke8 40.Qe3 Qxe3+ 
41.Kxe3 Kd7 42.Bf3 Kd6 43.h4 e5 44.h5 exf4+ 45.Kxf4 g5+ 46.Ke4 Ke6 47.Bg2 
h6 48.Bh1 f5+ 49.gxf5+ Nxf5 50.Bf3 Nd6+ 51.Ke3 Ke5 52.Bg4 Ne4 53.Be2 Nf6 
54.Bf3 Ng8 55.Bg4 Ne7 56.Be2 Nf5+ 57.Kd2 Kd4 58.Bf3 Ne3 59.Bc6 g4 60.Ke2 
Nf5 61.Kf2 Ke5 62.Bd7 Kf4 63.Bxf5 Kxf5 64.Kg3 Kg5 65.Kg2 Kf4 66.Kf2 g3+ 
67.Kg2 Kg4 0-1